000 00525cam a2200205ua 4500
001 7412
005 20260515114217.0
008 141209n ii |||gr||||Z||||||ben
040 _cMAIN
041 _aben
082 _a891.443
100 _aBandyopadhyay, S.,
_eAuhtor.
245 1 _aBanglasahitye upanyaser dhara
_cSrikumar Bandyopadhyay
250 _a5th rev.
260 _aKolkatta:
_bModern ,
_c1965.
300 _a826p.
653 _aEast Indo-European & Celtic literatures
653 _aBengali novels
942 _cBK
999 _c6530
_d6530